000 00362nam a2200169Ia 4500
003 0STCL
008 150530s9999 xx 000 0 und d
040 _aSTCL
_cSTCL
100 _aStern, G.B.
245 _aRobert Louis Stevenson
250 _aFirst
260 _c1952
546 _aEnglish
942 _2ddc
_cBK
999 _c61496
_d61496
005 20220125171152.0